Geometry Dash Quiz (Hard) - Statistics

General Stats
  • This quiz has been taken 34 times
  • The average score is 9 of 20
Answer Stats
Hint Answer % Correct
Player, who verified amethyst and is now veryfing Vehemence Wpopoff
76%
Creator, that makes only XL levels JonathanGD
72%
Player who hosted and verified levels based on "yanderes" Dorami
69%
Player, who was famous for his "woahs" Wulzy
66%
The best country in the GD USA
59%
Level, That is the hardest memory level in GD (It's not limbo now) BOOBAWAMBA
55%
The highest rating in the game Mythic
52%
Most Popular Insane Demon Supersonic
52%
Player, who died on 98% on a Buffed version of Sonic Wave Mefewe
48%
Music Artist, Who made music for Nine Circles Nightkilla
48%
GD had a collab with this music provider NCS
45%
Creator, who created Psychosis and Dance Massacre Hinds
41%
Level by CherryTeam, which was supposed to be sequel to firework Waterfall
41%
Entry Extreme, That uses a yoasobi song "Kaibatsu" Niwa
38%
Level, That won the first place in the space gauntlet contest Abducted
34%
First Weekly Level, Which didn't last a week because it was too hard Kitty
31%
Player, who made the layout for Wasureta Crazen
28%
Host of the remake of level Silent Circles, which was Later deleted Zynvire
21%
This level was once supposed to be a sequel to Cataclysm Artificial Ascent
17%
Polish Player, Who verified Jigsaw and The Plunge Gokill
10%
No matching quizzes found
Score Distribution
Percent of People with Each Score
Percentile by Number Answered
Your Score History
You have not taken this quiz